[Event "OBEM 2015"]
[Site "Germany , Bremen"]
[Date "2015.04.04"]
[Round "9.1"]
[White "Kardoeus, David"]
[Black "Lai Hop, Duong"]
[Result "1/2-1/2"]
[WhiteElo "2108"]
[BlackElo "2142"]
[PlyCount "133"]
[EventDate "2015.??.??"]

1. e4 d5 2. exd5 Qxd5 3. Nc3 Qd6 4. d4 Nf6 5. Nf3 c6 6. Ne5 Nbd7 7. Nc4 Qc7 8.
Qf3 Nb6 9. Bf4 Qd8 10. Be5 Bg4 11. Qg3 h5 12. h3 h4 13. Qe3 Be6 14. Nxb6 axb6
15. Be2 Nd7 16. Bf4 Nf6 17. O-O g6 18. Bd3 Qd7 19. Rae1 Rd8 20. Be5 Bg7 21. Qg5
Kf8 22. Qe3 b5 23. Qf3 Rh5 24. Ne2 Bf5 25. Nf4 Rh8 26. Rd1 Nd5 27. Nxd5 Qxd5
28. Qxd5 Rxd5 29. c4 Bxd3 30. cxd5 Bxf1 31. Kxf1 cxd5 32. Bc7 Ke8 33. Bb6 Kd7
34. Rc1 Rc8 35. Rxc8 Kxc8 36. Ke2 Kd7 37. Kd3 Bh6 38. Ba5 Bc1 39. b3 Bf4 40.
Be1 Bg5 41. f3 e6 42. Bf2 Be7 43. Be1 f5 44. Bd2 Ke8 45. Ba5 Kf7 46. Be1 g5 47.
Bd2 Kg6 48. Bc1 Kh5 49. Bd2 g4 50. Bf4 Bb4 51. Bc7 Be1 52. Bd8 Bf2 53. Bc7 gxh3
54. gxh3 Kg5 55. f4+ Kg6 56. Be5 Be1 57. Bd6 Ba5 58. b4 Bb6 59. Ke3 Kf7 60. Kd3
Bd8 61. Be5 Ke8 62. Kc3 Kd7 63. Kb3 Bc7 64. Bxc7 Kxc7 65. Kc3 Kb6 66. Kb3 Kc6
67. Kc3 1/2-1/2

[Event "OBEM 2015"]
[Site "Germany , Bremen"]
[Date "2015.04.04"]
[Round "9.2"]
[White "Steingraeber, Kai Uwe"]
[Black "Jugelt, Tobias"]
[Result "0-1"]
[WhiteElo "2203"]
[BlackElo "2416"]
[PlyCount "134"]
[EventDate "2015.??.??"]

1. d4 d5 2. c4 e6 3. Nf3 Be7 4. g3 Nf6 5. Bg2 O-O 6. O-O c6 7. Qc2 b6 8. Ne5
Ba6 9. Rd1 Nfd7 10. Nxd7 Nxd7 11. Nd2 f5 12. b3 Bd6 13. Nf3 Qe7 14. Bg5 Nf6 15.
Ne5 Rfc8 16. e3 h6 17. Bf4 Qe8 18. Nd3 Be7 19. Rac1 Qh5 20. Be5 Ng4 21. h3 Nxe5
22. Nxe5 Bd6 23. Nd3 Rc7 24. Kh2 Qe8 25. Qb2 Rac8 26. cxd5 cxd5 27. Ne1 Qe7 28.
Rxc7 Qxc7 29. Rb1 Kf7 30. Kg1 Kf6 31. Bf1 Bxf1 32. Kxf1 g5 33. Kg2 b5 34. Qe2
b4 35. Qh5 Qh7 36. Rb2 Rc1 37. Nf3 Qg6 38. Qxg6+ Kxg6 39. Nd2 h5 40. f4 h4 41.
Nf3 Be7 42. gxh4 gxf4 43. exf4 Kh5 44. Kg3 Rc3 45. Re2 Bxh4+ 46. Kg2 Rc6 47.
Ne5 Rc7 48. Kh2 Bf6 49. Nf3 Rc6 50. Kg3 Kg6 51. Ne5+ Bxe5 52. Rxe5 Kh5 53. Re2
Rc3+ 54. Kf2 Rd3 55. Rxe6 Rxd4 56. Kf3 Rd3+ 57. Re3 Rxe3+ 58. Kxe3 Kh4 59. Kd4
Kxh3 60. Kxd5 Kg3 61. Kc4 Kxf4 62. Kxb4 Ke3 63. Kc5 f4 64. b4 f3 65. a4 f2 66.
b5 f1=Q 67. a5 Qe1 0-1

[Event "OBEM 2015"]
[Site "Germany , Bremen"]
[Date "2015.04.04"]
[Round "9.3"]
[White "Margraf, Daniel"]
[Black "Hundack, Rolf"]
[Result "1-0"]
[WhiteElo "2291"]
[BlackElo "2246"]
[PlyCount "77"]
[EventDate "2015.??.??"]

1. e4 e5 2. Nf3 Nc6 3. Bc4 Be7 4. d4 exd4 5. c3 Na5 6. Be2 dxc3 7. Nxc3 d6 8.
e5 Nc6 9. Qa4 Bd7 10. exd6 Bxd6 11. O-O Nf6 12. Bg5 Be7 13. Rad1 O-O 14. Bxf6
Bxf6 15. Nd5 Be7 16. Nxe7+ Qxe7 17. Rfe1 Rad8 18. Ba6 Qf6 19. Bxb7 Ne5 20. Qxa7
Nc4 21. b3 Nd6 22. Bd5 Nb5 23. Qc5 c6 24. Ne5 Be8 25. Bf3 Rc8 26. a4 Nc7 27. a5
Ne6 28. Qb6 g5 29. a6 h5 30. Bxh5 Nc7 31. Bg4 Na8 32. Qb7 Rd8 33. Rxd8 Qxd8 34.
h3 Qa5 35. Re3 f5 36. Be2 f4 37. Bc4+ Kh8 38. Qe7 Rg8 39. Qf6+ 1-0

[Event "OBEM 2015"]
[Site "Germany , Bremen"]
[Date "2015.04.04"]
[Round "9.5"]
[White "Buescher, Andre"]
[Black "Balazs, Balint"]
[Result "1-0"]
[WhiteElo "2076"]
[BlackElo "1940"]
[PlyCount "77"]
[EventDate "2015.??.??"]

1. d4 d5 2. Nf3 c6 3. g3 e6 4. Bg2 Be7 5. O-O Nf6 6. c4 O-O 7. Qc2 Ne4 8. Nbd2
f5 9. b3 Nd7 10. Bb2 g5 11. Ne1 Ndf6 12. f3 Nxd2 13. Qxd2 f4 14. Nd3 Nh5 15. g4
Nf6 16. e3 dxc4 17. bxc4 b5 18. Ne5 Bb7 19. exf4 bxc4 20. fxg5 Nd5 21. f4 Bb4
22. Qe2 c3 23. Bc1 Qb6 24. Qe4 Rad8 25. g6 Nf6 26. gxh7+ Kh8 27. Qf3 Nd7 28.
Qh3 Qxd4+ 29. Kh1 c2 30. Ng6+ Kg7 31. f5 Bd2 32. g5 exf5 33. Qh6+ Kf7 34. Bxd2
Rh8 35. Nxh8+ Rxh8 36. g6+ Ke7 37. g7 f4 38. g8=Q Nc5 39. Qgg7+ 1-0

[Event "OBEM 2015"]
[Site "Germany , Bremen"]
[Date "2015.04.04"]
[Round "9.7"]
[White "Boehning, Kilian"]
[Black "Peters, Frank"]
[Result "1-0"]
[WhiteElo "1914"]
[BlackElo "2109"]
[PlyCount "49"]
[EventDate "2015.??.??"]

1. e4 g6 2. d4 Bg7 3. c4 d6 4. Nc3 e5 5. dxe5 dxe5 6. Qxd8+ Kxd8 7. Bg5+ f6 8.
O-O-O+ Nd7 9. Be3 Bh6 10. Nd5 Bxe3+ 11. Nxe3 Nh6 12. g3 c6 13. Bh3 Kc7 14. f3
Nf7 15. Ne2 Ng5 16. Bg2 Nc5 {(=)} 17. h4 Nf7 18. b4 Nd7 19. h5 Nf8 20. f4 a5
21. b5 Be6 22. f5 gxf5 23. exf5 Bc8 24. Nc3 Nd6 25. b6+ 1-0

[Event "OBEM 2015"]
[Site "Germany , Bremen"]
[Date "2015.04.04"]
[Round "9.8"]
[White "Bertram, Karsten"]
[Black "Mulde, Ralf"]
[Result "1-0"]
[WhiteElo "2133"]
[BlackElo "2012"]
[PlyCount "39"]
[EventDate "2015.??.??"]

1. e4 e6 2. d4 d5 3. exd5 exd5 4. Bd3 Bd6 5. Nc3 Ne7 6. Nge2 c6 7. Bf4 Bf5 {(=)
} 8. Bxf5 Nxf5 9. Qd3 Qf6 10. O-O-O Na6 11. Nxd5 cxd5 12. Qb5+ Kf8 13. Qxb7 Rd8
14. Bd2 Bb8 15. Ba5 Re8 16. Nc3 Ne7 17. Rde1 g6 18. Nxd5 Qg5+ 19. Bd2 Qxd5 20.
Bh6+ 1-0

[Event "OBEM 2015"]
[Site "Germany , Bremen"]
[Date "2015.04.04"]
[Round "9.9"]
[White "Pautz, Peter"]
[Black "Beinke, Lukas"]
[Result "1-0"]
[WhiteElo "2082"]
[BlackElo "1958"]
[PlyCount "109"]
[EventDate "2015.??.??"]

1. d4 Nf6 2. Nf3 e6 3. Bg5 b6 4. e3 Bb7 5. Nbd2 h6 6. Bh4 Be7 7. Bd3 O-O 8. Qe2
c5 9. c3 Nc6 10. h3 Nd5 11. Bg3 f5 12. e4 fxe4 13. Qxe4 Nf6 14. Qe2 cxd4 15.
cxd4 Nb4 16. O-O Nxd3 17. Qxd3 Nh5 18. Ne5 Nf4 19. Bxf4 Rxf4 20. Ng6 Rf7 21.
Nxe7+ Qxe7 22. f3 Rc8 23. Rac1 Rff8 24. a3 Qg5 25. Rxc8 Rxc8 26. Rd1 Bd5 27.
Nf1 Rc1 28. Rxc1 Qxc1 29. Qd2 Qxd2 30. Nxd2 Kf7 31. Kf2 Kf6 32. h4 d6 33. Ke3
e5 34. Nb1 exd4+ 35. Kxd4 Bc6 36. Nc3 Kf5 37. Ke3 Ke5 38. g3 a6 39. Ne2 Be8 40.
Nd4 Bd7 41. Kd3 d5 42. f4+ Kd6 43. b4 a5 44. Kc3 axb4+ 45. axb4 Bg4 46. Nc2 Bf5
47. Ne3 Be4 48. g4 g6 49. Kd4 Ke6 50. f5+ gxf5 51. gxf5+ Bxf5 52. Nxd5 Bb1 53.
Nxb6 Kf5 54. Nd5 Be4 55. b5 1-0

[Event "OBEM 2015"]
[Site "Germany , Bremen"]
[Date "2015.04.04"]
[Round "9.10"]
[White "Sommer, Andreas"]
[Black "Webner, Dennis"]
[Result "0-1"]
[WhiteElo "1723"]
[BlackElo "2073"]
[PlyCount "64"]
[EventDate "2015.??.??"]

1. d4 d5 2. c4 e5 3. e3 exd4 4. exd4 Nf6 5. Nc3 Nc6 6. Nf3 Bf5 7. a3 Qd7 8. c5
g6 9. Bd3 Bg4 10. Be2 Bg7 11. h3 Bf5 12. O-O Ne4 13. Be3 O-O 14. Bd3 Rfe8 15.
Bb1 Nd8 16. Ng5 Nxg5 17. Bxg5 h6 18. Be3 Re7 19. Qd2 Kh7 20. Re1 Nc6 21. Ba2
Be6 22. b4 Rae8 23. Bb3 Nd8 24. b5 g5 25. f4 gxf4 26. Bxf4 Bxh3 27. Rxe7 Rxe7
28. gxh3 Qxh3 29. Bxd5 Ne6 30. Bxe6 Rxe6 31. Ne2 Rxe2 32. Qxe2 Bxd4+ 0-1

[Event "OBEM 2015"]
[Site "Germany , Bremen"]
[Date "2015.04.04"]
[Round "9.11"]
[White "Mueller, Wolfgang"]
[Black "Laubrock, Paul"]
[Result "1/2-1/2"]
[WhiteElo "2025"]
[BlackElo "1793"]
[PlyCount "82"]
[EventDate "2015.??.??"]

1. e4 c5 2. Nf3 Nc6 3. d4 cxd4 4. Nxd4 e6 5. g3 Nf6 6. Bg2 Qb6 7. Nb3 Be7 8.
Nc3 a6 9. Be3 Qc7 10. O-O b5 11. e5 Qxe5 12. Bf4 Qh5 13. Bf3 Qg6 14. Na5 O-O
15. Nxc6 dxc6 16. Bxc6 Ra7 17. Qe2 Ng4 18. Bf3 Nf6 19. Rfd1 Bb7 20. Bxb7 Rxb7
21. Bd6 Rc8 22. Bxe7 Rxe7 23. a3 Rec7 24. Rd4 Kf8 25. Rad1 Nd5 26. Qe5 Qxc2 27.
Nxd5 exd5 28. Rxd5 Re8 29. Qd6+ Rce7 30. R5d2 Qg6 31. Qb4 Kg8 32. Rd6 Qc2 33.
Rd8 Re4 34. Rxe8+ Rxe8 35. Qd4 h6 36. Qd2 Re2 37. Qxc2 Rxc2 38. Rd8+ Kh7 39.
Ra8 Rxb2 40. Rxa6 b4 41. axb4 Rxb4 1/2-1/2

[Event "OBEM 2015"]
[Site "Germany , Bremen"]
[Date "2015.04.04"]
[Round "9.12"]
[White "Rau, Nikita"]
[Black "Bokelmann, Joachim"]
[Result "1-0"]
[WhiteElo "1939"]
[BlackElo "2022"]
[PlyCount "53"]
[EventDate "2015.??.??"]

1. e4 d5 2. Nc3 dxe4 3. Nxe4 Bf5 4. Ng3 Bg6 5. Nf3 Nd7 6. d4 e6 7. h4 h6 8. h5
Bh7 9. Bd3 Bxd3 10. Qxd3 Ngf6 11. O-O Bd6 12. Ne4 Nxe4 13. Qxe4 c6 14. Ne5 Nf6
15. Qe2 Qc7 16. Bf4 O-O 17. Rfe1 Rfe8 18. Qf3 Nd5 19. Bd2 Rad8 20. c4 Nf6 21.
Bxh6 Be7 22. Bg5 Rxd4 23. h6 Bd6 24. Bxf6 gxf6 25. Qxf6 Bxe5 26. Rxe5 Rg4 27.
h7+ 1-0

[Event "OBEM 2015"]
[Site "Germany , Bremen"]
[Date "2015.04.04"]
[Round "9.13"]
[White "Erofeev, Anastasia"]
[Black "Bonacic, Jascha"]
[Result "0-1"]
[WhiteElo "1864"]
[BlackElo "1861"]
[PlyCount "70"]
[EventDate "2015.??.??"]

1. e4 c5 2. Nf3 d6 3. d4 cxd4 4. Nxd4 Nf6 5. Nc3 g6 6. Bc4 Bg7 7. f3 Nc6 8. Be3
Bd7 9. Qd2 Rc8 10. O-O-O Nxd4 11. Qxd4 O-O 12. Qd3 a6 13. g4 b5 14. Bb3 b4 15.
Nd5 Nxd5 16. Qxd5 a5 17. Qd3 a4 18. Bc4 Qa5 19. Kb1 Ra8 20. Bd4 b3 21. Bxg7
bxa2+ 22. Kxa2 Kxg7 23. h4 Rfc8 24. Qd4+ e5 25. Qd3 Qb4 26. Bd5 Rab8 27. Rb1
Bb5 28. Qd1 Bc4+ 29. Bxc4 Qxc4+ 30. Ka1 Rb6 31. Rh2 Rcb8 32. Qd3 Qc5 33. Qd5
Rxb2 34. Rxb2 Qc3 35. Qa2 a3 0-1

[Event "OBEM 2015"]
[Site "Germany , Bremen"]
[Date "2015.04.04"]
[Round "9.14"]
[White "Haerig, Wilfried"]
[Black "Hoffer, Hayo"]
[Result "1-0"]
[WhiteElo "2045"]
[BlackElo "1857"]
[PlyCount "45"]
[EventDate "2015.??.??"]

1. e4 e6 2. d4 d5 3. Nc3 Nf6 4. e5 Nfd7 5. f4 c5 6. Nf3 Nc6 7. Be3 cxd4 8. Nxd4
Nxd4 9. Bxd4 Be7 10. Qg4 g6 11. O-O-O a6 12. h4 h5 13. Qg3 b5 14. Bd3 b4 15.
Ne2 Bb7 16. Bxg6 Rg8 17. Bxf7+ Kxf7 18. Qf3 Rg4 19. f5 Qf8 20. Nf4 Ke8 21. Nxe6
Qf7 22. Nc7+ Kd8 23. e6 1-0

[Event "OBEM 2015"]
[Site "Germany , Bremen"]
[Date "2015.04.04"]
[Round "9.15"]
[White "Gerken, Jürgen"]
[Black "Meyer, Thorsten"]
[Result "0-1"]
[WhiteElo "1599"]
[BlackElo "2004"]
[PlyCount "108"]
[EventDate "2015.??.??"]

1. d4 Nf6 2. c4 d6 3. Nc3 g6 4. e4 Bg7 5. Nf3 O-O 6. h3 c6 7. Bd3 Nbd7 8. O-O
e5 9. d5 c5 10. g4 Ne8 11. Bg5 Bf6 12. Bxf6 Ndxf6 13. Qd2 Kg7 14. Kh2 Ng8 15.
Qg5 Bd7 16. Qxd8 Rxd8 17. g5 f5 18. exf5 gxf5 19. Bc2 Ne7 20. Rg1 Ng6 21. Ne2
b5 22. b3 Rb8 23. Rab1 Nc7 24. Nd2 b4 25. Ra1 a5 26. a3 Ra8 27. axb4 axb4 28.
Ng3 Rxa1 29. Rxa1 Ne8 30. Ra7 Rf7 31. Bxf5 Bxf5 32. Nxf5+ Kf8 33. Rxf7+ Kxf7
34. Ne4 Nf4 35. Nexd6+ Nxd6 36. Nxd6+ Kg6 37. Ne4 Nd3 38. d6 Kf7 39. h4 Ke6 40.
d7 Kxd7 41. Nf6+ Ke7 42. Nxh7 Nc1 43. Nf6 Nxb3 44. h5 Nd2 45. Nd5+ Kf7 46. Kg3
Nxc4 47. h6 Nd6 48. Kg4 b3 49. Nc3 Kg6 50. Nd5 b2 51. Ne7+ Kf7 52. g6+ Kxe7 53.
h7 b1=Q 54. h8=Q Qf5+ 0-1

[Event "OBEM 2015"]
[Site "Germany , Bremen"]
[Date "2015.04.04"]
[Round "9.16"]
[White "Bilau, Max"]
[Black "Meyer, Irmin"]
[Result "0-1"]
[WhiteElo "1536"]
[BlackElo "1997"]
[PlyCount "36"]
[EventDate "2015.??.??"]

1. d4 Nf6 2. c4 e6 3. Nc3 Bb4 4. Bd2 b6 5. a3 Bxc3 6. Bxc3 Bb7 7. e3 Ne4 8. Nf3
O-O 9. Rc1 f5 10. g3 d6 11. Bg2 Nd7 12. O-O Ndf6 13. b4 Qe8 14. Re1 Qh5 15. Nd2
Ng4 16. h3 Nexf2 17. hxg4 fxg4 18. Qc2 Bxg2 0-1

[Event "OBEM 2015"]
[Site "Germany , Bremen"]
[Date "2015.04.04"]
[Round "9.17"]
[White "Jung, Gerald"]
[Black "Wuttke, Manfred"]
[Result "1-0"]
[WhiteElo "1953"]
[BlackElo "1802"]
[PlyCount "77"]
[EventDate "2015.??.??"]

1. e4 d6 2. d4 Nf6 3. Nc3 g6 4. Be3 Bg7 5. f3 c6 6. Qd2 b5 7. O-O-O a6 8. Kb1
Nbd7 9. Bh6 O-O 10. h4 e5 11. dxe5 dxe5 12. h5 Nxh5 13. Bxg7 Kxg7 14. g4 Nf4
15. Qh2 Rh8 16. Qh6+ Kg8 17. Nce2 Qf8 18. Qh2 g5 19. Ng3 Nf6 20. Qd2 Be6 21.
Qc3 Rd8 22. Bd3 Qd6 23. Nh3 h6 24. Nxf4 exf4 25. e5 Qd5 26. Bh7+ Kxh7 27. Rxd5
Nxd5 28. Qd3+ Kg7 29. Nh5+ Kf8 30. c4 bxc4 31. Qxc4 Ne7 32. Qxa6 Bd5 33. Qb6
Rc8 34. Rd1 Rg8 35. Rd3 Ng6 36. Qc5+ Ne7 37. Ra3 Rg6 38. Nf6 Rc7 39. Nxd5 1-0

[Event "OBEM 2015"]
[Site "Germany , Bremen"]
[Date "2015.04.04"]
[Round "9.18"]
[White "Buhrdorf, Axel"]
[Black "Norbach, Alexander"]
[Result "1-0"]
[WhiteElo "1813"]
[BlackElo "1928"]
[PlyCount "49"]
[EventDate "2015.??.??"]

1. e4 c5 2. Nf3 d6 3. d4 cxd4 4. Nxd4 Nf6 5. Nc3 a6 6. a4 e6 7. Be3 b6 8. Bd3
Bb7 9. O-O Be7 10. f4 Nbd7 11. Qe2 Qc7 12. Nb3 Nc5 13. Nxc5 bxc5 14. Rae1 O-O
15. g4 d5 16. exd5 exd5 17. g5 Nd7 18. Bxh7+ Kxh7 19. Qh5+ Kg8 20. Rf3 g6 21.
Qh6 Nf6 22. gxf6 Bxf6 23. Rh3 Rfe8 24. f5 d4 25. Qh7+ 1-0

[Event "OBEM 2015"]
[Site "Germany , Bremen"]
[Date "2015.04.04"]
[Round "9.19"]
[White "Kuenitz, Bernhard"]
[Black "Lai Hop, Long"]
[Result "0-1"]
[WhiteElo "1900"]
[BlackElo "1796"]
[PlyCount "70"]
[EventDate "2015.??.??"]

1. c4 c6 2. Nc3 d5 3. cxd5 cxd5 4. d4 Nf6 5. g3 Nc6 6. Bg2 Bf5 7. Nf3 e6 8. Qa4
Ne4 9. Ne5 Nxc3 10. bxc3 Qb6 11. O-O Be7 12. Nxc6 Qxc6 13. Qxc6+ bxc6 14. c4
Kd7 15. c5 e5 16. e3 Rab8 17. Re1 Bf6 18. e4 dxe4 19. Bxe4 Bxe4 20. Rxe4 exd4
21. Bf4 Rbe8 22. Rxe8 Rxe8 23. Rb1 a5 24. Kf1 g5 25. Bd2 Ra8 26. a4 Ra7 27. f4
gxf4 28. Bxf4 Ke6 29. Bd6 Kd5 30. Ke2 Be7 31. Kd3 Bxd6 32. cxd6 Rd7 33. Rb6
Rxd6 34. Ra6 Rh6 35. Rxa5+ c5 0-1

[Event "OBEM 2015"]
[Site "Germany , Bremen"]
[Date "2015.04.04"]
[Round "9.20"]
[White "Stern, Philipp"]
[Black "Ditmas, Hugh"]
[Result "0-1"]
[WhiteElo "1620"]
[BlackElo "1893"]
[PlyCount "58"]
[EventDate "2015.??.??"]

1. e4 c5 2. Nf3 Nc6 3. d4 cxd4 4. Nxd4 Nf6 5. Nc3 e5 6. Ndb5 d6 7. Bg5 a6 8.
Na3 b5 9. Bxf6 gxf6 10. Nd5 f5 11. Bxb5 axb5 12. Nxb5 Ra4 13. O-O Rxe4 14.
Nbc7+ Kd7 15. Qh5 Nd4 16. c3 Ne2+ 17. Kh1 Kc6 18. g3 Kb7 19. Rfe1 Kb8 20. Rxe2
Rc4 21. Nb5 Qd7 22. a4 Bb7 23. Rd2 Qe6 24. Rad1 Rc5 25. c4 Rxc4 26. Qg5 Bh6 27.
Qh5 Bxd2 28. Rxd2 Bxd5+ 29. f3 Rhc8 0-1

[Event "OBEM 2015"]
[Site "Germany , Bremen"]
[Date "2015.04.04"]
[Round "9.21"]
[White "Petrov, Iouri"]
[Black "Rieping, Heiner"]
[Result "0-1"]
[WhiteElo "1585"]
[BlackElo "1878"]
[PlyCount "48"]
[EventDate "2015.??.??"]

1. Nf3 d5 2. c4 e6 3. e3 Nf6 4. d4 Be7 5. Nc3 O-O 6. Bd3 Nbd7 7. b3 c6 8. O-O
Bd6 9. Bb2 Re8 10. Qc2 e5 11. cxd5 cxd5 12. dxe5 Nxe5 13. Nxe5 Bxe5 14. Rfd1
Bg4 15. Be2 Rc8 16. Bxg4 Nxg4 17. g3 Qf6 18. Rac1 Bxc3 19. Rf1 Qh6 20. h4 Nxe3
21. fxe3 Qxe3+ 22. Kh1 Bxb2 23. Qxc8 Bxc1 24. Rxc1 d4 0-1

[Event "OBEM 2015"]
[Site "Germany , Bremen"]
[Date "2015.04.04"]
[Round "9.22"]
[White "Weinitschke, Harald"]
[Black "Boehm, Karl"]
[Result "0-1"]
[WhiteElo "1341"]
[BlackElo "1859"]
[PlyCount "96"]
[EventDate "2015.??.??"]

1. Nf3 d5 2. d4 e6 3. c4 Nf6 4. e3 Nbd7 5. b3 b6 6. cxd5 Nxd5 7. Bb5 a6 8. Bc6
Rb8 9. Bxd5 exd5 10. O-O Be7 11. Nc3 Nf6 12. Bb2 Bg4 13. h3 Bh5 14. Re1 Ne4 15.
Rc1 O-O 16. g4 Bg6 17. Ne5 Rc8 18. Nc6 Qd7 19. Nxe7+ Qxe7 20. Nxd5 Qh4 21. Qf3
f5 22. Nf4 fxg4 23. Nxg6 Rxf3 24. Nxh4 Rxf2 25. Ba3 gxh3 26. Bd6 c6 27. Rf1
Rxa2 28. Rf3 Nxd6 29. Rxh3 g6 30. Nf3 c5 31. Ng5 Rc7 32. dxc5 Rxc5 33. Rxc5
bxc5 34. Rxh7 Ne4 35. Rc7 Nxg5 36. Rxc5 Nf3+ 37. Kf1 Nd2+ 38. Ke1 Nxb3 39. Rc7
a5 40. Rb7 a4 41. Ra7 a3 42. e4 Ra1+ 43. Ke2 a2 44. e5 Nc1+ 45. Kd2 Rb1 46.
Ra8+ Kf7 47. Ra6 a1=Q 48. e6+ Ke7 0-1

[Event "OBEM 2015"]
[Site "Germany , Bremen"]
[Date "2015.04.04"]
[Round "9.23"]
[White "Dietrich, Igor"]
[Black "Buchloh, Adrian"]
[Result "1-0"]
[WhiteElo "1880"]
[BlackElo "1611"]
[PlyCount "103"]
[EventDate "2015.??.??"]

1. e4 c5 2. d4 cxd4 3. c3 dxc3 4. Nxc3 Nc6 5. Nf3 d6 6. Bc4 Nf6 7. O-O e6 8.
Qe2 Be7 9. Rd1 e5 10. Bg5 O-O 11. Rd2 Be6 12. Bxe6 fxe6 13. Qc4 Qd7 14. Rad1 a6
15. a3 Rac8 16. Qa4 h6 17. Bh4 Nb8 18. Qb3 Nc6 19. Bg3 Na5 20. Qa2 Nc4 21. Nxe5
Nxe5 22. Bxe5 Rc6 23. Qb1 Qc7 24. Bg3 b5 25. Ne2 e5 26. f3 Rc8 27. Qa2+ Kf8 28.
Qe6 Qa5 29. h3 Rc2 30. Nc3 R8xc3 31. bxc3 Rxc3 32. Rd3 Rxa3 33. Rxa3 Qxa3 34.
Qc8+ Kf7 35. Rc1 a5 36. Rc7 Ne8 37. Rb7 b4 38. Qd7 Qc1+ 39. Kh2 Qg5 40. h4 Qf6
41. Rb8 Nc7 42. Qxc7 g5 43. Qc8 Qg6 44. hxg5 hxg5 45. Qe8+ Kf6 46. Qd7 Qh6+ 47.
Kg1 g4 48. Qf5+ Kg7 49. Qxg4+ Kf7 50. Rb7 Qc1+ 51. Kh2 Qh6+ 52. Bh4 1-0

[Event "OBEM 2015"]
[Site "Germany , Bremen"]
[Date "2015.04.04"]
[Round "9.24"]
[White "Sausmikat, Armin"]
[Black "Quass, Michael"]
[Result "1-0"]
[WhiteElo "1893"]
[BlackElo "1779"]
[PlyCount "69"]
[EventDate "2015.??.??"]

1. e4 c6 2. d4 d5 3. Nc3 dxe4 4. Nxe4 Nd7 5. Nf3 Ngf6 6. Ng3 e6 7. Bc4 Bd6 8.
Qe2 O-O 9. O-O Qc7 10. c3 c5 11. Re1 Re8 12. Bb3 b6 13. Ne5 Nf8 14. Bg5 Nd5 15.
Ba4 Bd7 16. Nxd7 Nxd7 17. Qg4 Be7 18. Bh6 g6 19. Bxd7 Qxd7 20. dxc5 Bxc5 21.
Rad1 Qe7 22. Rxd5 Bxf2+ 23. Kxf2 Qf6+ 24. Kg1 exd5 25. Rf1 Qe6 26. Qf3 Rad8 27.
Bg5 Rd7 28. Kh1 Qe5 29. Bf6 Qe3 30. Qg4 Qe6 31. Qh4 Qd6 32. Nf5 Qe6 33. Nh6+
Kf8 34. Ng4 h5 35. Qg5 1-0

[Event "OBEM 2015"]
[Site "Germany , Bremen"]
[Date "2015.04.04"]
[Round "9.25"]
[White "Traetmar, Mattis"]
[Black "Schwenteck, Peter"]
[Result "1-0"]
[WhiteElo "1689"]
[BlackElo "1888"]
[PlyCount "43"]
[EventDate "2015.??.??"]

1. e4 e6 2. d4 d5 3. Nc3 Nf6 4. e5 Nfd7 5. f4 c5 6. Nf3 Nc6 7. Be3 a6 8. a4 Qb6
9. Qd2 cxd4 10. Nxd4 Bc5 11. a5 Qa7 12. Rd1 O-O 13. Na4 Bxd4 14. Bxd4 Nxd4 15.
Qxd4 Qxd4 16. Rxd4 f6 17. exf6 Rxf6 18. c4 dxc4 19. Bxc4 Rb8 20. f5 Ne5 21.
Rd8+ Rf8 22. fxe6 1-0

[Event "OBEM 2015"]
[Site "Germany , Bremen"]
[Date "2015.04.04"]
[Round "9.26"]
[White "Heldt, Nils-Lennart"]
[Black "Lange, Martin"]
[Result "1-0"]
[WhiteElo "1708"]
[BlackElo "1869"]
[PlyCount "67"]
[EventDate "2015.??.??"]

1. d4 f5 2. g3 Nf6 3. Bg2 e6 4. Nf3 Be7 5. O-O O-O 6. c4 d6 7. Nc3 Ne4 8. Qc2
Nxc3 9. Qxc3 Nd7 10. Qc2 Nf6 11. Bg5 Ne4 12. Bxe7 Qxe7 13. Nd2 Nxd2 14. Qxd2 c6
15. b4 Bd7 16. a4 f4 17. gxf4 Qh4 18. e3 Rf6 19. Be4 d5 20. Bc2 {(=)} Qg4+ 21.
Kh1 Qf3+ 22. Kg1 e5 23. Qd1 Qxd1 24. Rfxd1 Bg4 25. dxe5 Bxd1 26. Rxd1 Rff8 27.
cxd5 cxd5 28. Bb3 Rab8 29. Rxd5 Kh8 30. e6 g6 31. Rd7 a5 32. e7 Rfe8 33. Bf7
axb4 34. Bxe8 1-0

[Event "OBEM 2015"]
[Site "Germany , Bremen"]
[Date "2015.04.04"]
[Round "9.29"]
[White "Goes, Carsten"]
[Black "Gebur, Thomas"]
[Result "1/2-1/2"]
[WhiteElo "1761"]
[BlackElo "1870"]
[PlyCount "57"]
[EventDate "2015.??.??"]

1. d4 f5 2. g3 Nf6 3. Bg2 g6 4. Nf3 d6 5. O-O Bg7 6. b3 O-O 7. Bb2 Ne4 8. c4
Nd7 9. Nbd2 Ndf6 10. d5 a6 11. a4 e5 12. dxe6 Bxe6 13. Qc2 Rb8 14. a5 Qe7 15.
Nxe4 Nxe4 16. Bxg7 Kxg7 17. Nd2 Nxd2 18. Qxd2 Rfe8 {(=)} 19. e3 Qf6 20. Rfd1
Bf7 21. Qd4 Re7 22. Qa7 Rbe8 23. Bxb7 Qc3 24. Bc6 Rd8 25. Rdc1 Qxb3 26. Rcb1
Qc3 27. Rc1 Qb2 28. Rcb1 Qc3 29. Rc1 1/2-1/2

[Event "OBEM 2015"]
[Site "Germany , Bremen"]
[Date "2015.04.04"]
[Round "9.30"]
[White "Klemm, Robert"]
[Black "Zimmermann, Erik"]
[Result "1-0"]
[WhiteElo "1860"]
[BlackElo "1655"]
[PlyCount "103"]
[EventDate "2015.??.??"]

1. g3 b6 2. Bg2 d5 3. Nf3 e6 4. d4 Nd7 5. O-O Be7 6. c4 Bb7 7. cxd5 Bxd5 8. Nc3
Bb7 9. e4 Ngf6 10. Re1 O-O 11. Bf4 a6 12. Rc1 Nh5 13. Be3 g6 14. Qd2 Rb8 15. d5
e5 16. Ng5 Ndf6 17. h3 Bc8 18. g4 Ng7 19. f4 Bd6 20. f5 Bd7 21. Nf3 Kh8 22. Nh2
Rc8 23. Bh6 Ng8 24. Nf3 Be7 25. Be3 Bd6 26. Ne2 Nf6 27. Ng3 Qe8 28. Kh2 a5 29.
a3 Bb5 30. g5 Nfh5 31. f6 Nxg3 32. fxg7+ Kxg7 33. Kxg3 f5 34. gxf6+ Rxf6 35.
Bg5 Rf7 36. Bh6+ Kg8 37. Ng5 Rf6 38. Ne6 Bd7 39. h4 Bxe6 40. dxe6 Qxe6 41. Bh3
Rf3+ 42. Kxf3 Qxh3+ 43. Ke2 Qg4+ 44. Kd3 Be7 45. Qe2 Qxh4 46. Rh1 Rd8+ 47. Kc2
Qf6 48. Qc4+ Kh8 49. Rcf1 Qd6 50. Bg7+ Kxg7 51. Qf7+ Kh8 52. Qxh7# 1-0

[Event "OBEM 2015"]
[Site "Germany , Bremen"]
[Date "2015.04.04"]
[Round "9.31"]
[White "Burblies, Andreas"]
[Black "Koerber, Uwe"]
[Result "1/2-1/2"]
[WhiteElo "1604"]
[BlackElo "1832"]
[PlyCount "48"]
[EventDate "2015.??.??"]

1. d4 d5 2. c4 e6 3. Nc3 f5 4. cxd5 exd5 5. Nf3 Nf6 6. Bf4 c6 7. h3 Be6 8. e3
Bd6 9. Bxd6 Qxd6 10. Bd3 Nbd7 11. Ng5 O-O 12. Qe2 Rac8 13. O-O-O b5 14. a3 Ne4
15. Nxe6 Nxc3 16. Qc2 Ne2+ 17. Qxe2 Qxe6 18. g3 Nf6 19. Rde1 a5 20. Qd2 Ne4 21.
Bxe4 fxe4 22. Kb1 a4 23. Rh2 Rf3 24. Re2 Rcf8 1/2-1/2

[Event "OBEM 2015"]
[Site "Germany , Bremen"]
[Date "2015.04.04"]
[Round "9.32"]
[White "Kollars, Michael"]
[Black "Zhong, Xianghui"]
[Result "1/2-1/2"]
[WhiteElo "1632"]
[BlackElo "1817"]
[PlyCount "73"]
[EventDate "2015.??.??"]

1. e4 c5 2. Nc3 g6 3. g3 Nc6 4. Bg2 Bg7 5. d3 d6 6. Nge2 Nf6 7. h3 O-O 8. Be3
Qa5 9. O-O b5 10. e5 Nxe5 11. Bxa8 Bxh3 12. Bg2 Bxg2 13. Kxg2 Qb4 14. d4 Nc4
15. a3 Qa5 16. b4 Qc7 17. d5 Ng4 18. Qd3 Nge5 19. Qe4 f5 20. Qh4 Nxe3+ 21. fxe3
Bf6 22. Qf4 cxb4 23. Qxb4 Ng4 24. Rf3 Rc8 25. e4 a5 26. Qb3 fxe4 27. Rxf6 Nxf6
28. Qxb5 Rb8 29. Qc6 Qa7 30. Qc4 Qe3 31. Rf1 h5 32. Qc7 Re8 33. Qc4 Kg7 34. Qd4
Qxd4 35. Nxd4 Rc8 36. Nce2 Nxd5 37. Rc1 1/2-1/2

[Event "OBEM 2015"]
[Site "Germany , Bremen"]
[Date "2015.04.04"]
[Round "9.34"]
[White "Seliskar, Henryk"]
[Black "Bruening, Martin"]
[Result "1/2-1/2"]
[WhiteElo "1343"]
[BlackElo "1778"]
[PlyCount "37"]
[EventDate "2015.??.??"]

1. c4 e6 2. Nc3 d5 3. cxd5 exd5 4. Nf3 Nf6 5. g3 c6 6. Bg2 Bf5 7. e3 Nbd7 8. d4
Bd6 9. O-O O-O 10. Bd2 Ne4 11. Nxe4 Bxe4 12. b4 Qe7 13. Qb3 Nb6 14. Rfd1 Nc4
15. Be1 a6 16. a3 h6 17. Nd2 Bxg2 18. Kxg2 Nxd2 19. Rxd2 1/2-1/2